Vista normal Vista MARC
  • Goffman, Erving

Entrada Nombre personal

Número de registros utilizados en: 2

001 - NÚMERO DE CONTROL

  • campo de control: 4112

003 - IDENTIFICADOR DE NÚMERO DE CONTROL

  • campo de control: AR-BaBMM

005 - FECHA Y HORA DE LA ÚLTIMA TRANSACCIÓN

  • campo de control: 20230420012140.0

008 - ELEMENTOS DE DATO DE LONGITUD-FIJA

  • campo de control de longitud fija: 230420|| aca||aabn | a|a d

040 ## - FUENTE DE CATALOGACIÓN

  • Centro catalogador/agencia de origen: AR-BaBMM
  • Centro/agencia transcriptor: AR-BaBMM

100 ## - ENCABEZAMIENTO-NOMBRE DE PERSONA

  • Nombre de persona: Goffman, Erving

670 ## - FUENTE DE DATOS ENCONTRADOS

  • Cita de la fuente: Work cat.: (AR-BaBMM)929: Goffman, Erving, Estigma : , 1970

Asociación Escuela Argentina de Psicoterapia para Graduados
Miembro de la FLAPPSIP y del Foro de Instituciones de Profesionales de Salud Mental de la CABA.
Julián Alvarez 1933 - CABA - República Argentina
Secretaría: 4865-2050 / whatsapp: 11 3956 2956
secretaria@aeapg.org.ar

Con tecnología Koha